00639 2200217 4500001002100000005001500021035002000036007000300056008004100059020001800100082001000118084001600128100002100144245003700165260003600202500013400238650001600372856001700388990000800405990000800413INLIS00000000000018120220217090037 a0010-0222000059ta220217 g 0 ind  a9789799107831 a297.5 a297.5 RET k0 aRetno Widyastuti1 aKebaikan Akhlak dan Budi Pekerti aSemarang :bSindur Press,c2010 aBuku ini memuat informasi mengenai pentingnya akhlak dan budi pekerti yang baik dalam kehidupan pribadi dan lingkungan masyarakat 4aEtika Islam aKoleksi Umum a657 a658